000 00601nam a2200229 i 4500
001 C2-0232683
003 PPAK
005 20180728085901.0
008 010201s1956 enk |||| ||||| | eng d
040 _aPPAK
_beng
_cPPAK
_erda
082 0 4 _a001
_223
090 0 0 _a001
_bAYE
_dKSI
100 1 _aAyer, A.J.,
_eauthor
245 1 4 _aThe problem of Knowledge
264 1 _aMiddlesex :
_bPenguin Books ,
_c1956
300 _a224 pages ;
_c18 cm
336 _2rdacontent
_atext
337 _2rdamedia
_aunmediated
338 _2rdacarrier
_avolume
650 1 0 _aKnowledge, Theory of
942 _ddc
_cB
999 _c151828
_d151828